Paroles: Jul-Flow Mitraillette - Statistiques

Statistiques générales
  • Ce quiz a été pris 23 fois
  • Le résultat moyen est 193 sur 495
Statistiques - réponses
Hint Réponse % Correct
de
95%
ma
90%
S
90%
comme
86%
flow
86%
marseille
86%
Marseille
86%
ça
81%
me
81%
1-3
76%
a
76%
à
76%
dans
76%
la
76%
La
76%
le
76%
un
76%
je
71%
Je
71%
Refrain J'suis
71%
j'suis
71%
mon
71%
une
71%
en
67%
les
67%
Les
67%
mitraillette
67%
si
67%
sur
67%
Sur
67%
et
62%
Et
62%
l'ovni
62%
L'ovni
62%
que
62%
tu
62%
coin
57%
des
57%
elle
57%
Elle
57%
force
57%
on
57%
pas
57%
y
57%
Y
57%
dégun
52%
même
52%
meme
52%
pour
52%
au
48%
casses
48%
c'est
48%
gros
48%
j'donne
48%
j'suce
48%
mets
48%
port
48%
alors
43%
balayette
43%
dit
43%
d'la
43%
elles
43%
Couplet 1 j'ai
43%
nous
43%
organisée
43%
bande
38%
cagoulés
38%
comme Payet
38%
est
38%
font
38%
j'me
38%
j'te
38%
leur
38%
lui
38%
plus
38%
quoi
38%
shit
38%
suis
38%
torse
38%
weed
38%
zone
38%
aller
33%
Armes
33%
avec
33%
beautés
33%
café
33%
CBD
33%
doigt
33%
du
33%
Ils
33%
ils
33%
Jul
33%
parler
33%
scénario
33%
snap
33%
sous
33%
Sous
33%
terrain
33%
vous
33%
Couplet 2 Wesh
33%
13 Organisé
29%
bon
29%
deux
29%
Drogba
29%
drogue
29%
eh
29%
j'fais
29%
Kamara
29%
main
29%
marié
29%
merci
29%
Merci
29%
Omar
29%
ou
29%
pourrais
29%
quand
29%
s'imagine
29%
son
29%
Sy
29%
team
29%
voir
29%
baise
24%
beaucoup
24%
Didier
24%
drague
24%
d'une
24%
en Corse
24%
grace
24%
graine
24%
grosse
24%
Intouchable
24%
j'peux
24%
J'viens
24%
j'viens
24%
l'agent
24%
l'avenue
24%
lève
24%
mes
24%
Mes'
24%
m'harcèle
24%
mic
24%
moi
24%
percé
24%
Pie
24%
qu'j'vais
24%
Sangoku
24%
selle
24%
sont
24%
TB
24%
tout
24%
Vél'
24%
voit
24%
y'a
24%
Y'a
24%
ai
19%
Arnavaux
19%
Bercy
19%
caché
19%
car
19%
c'était
19%
charbon
19%
city
19%
cul
19%
faire
19%
faux
19%
fesses
19%
France
19%
Guendouzi
19%
Indépendance
19%
jaloux
19%
j'fume
19%
J'régale
19%
j'regarde
19%
Loin
19%
loin
19%
l'opinel
19%
mais
19%
Marlo
19%
mec
19%
monsieur
19%
noir
19%
passent
19%
pet
19%
Stade
19%
tete
19%
vieilles
19%
ambiance
14%
beuh
14%
Bohème
14%
Boli
14%
colline
14%
coup
14%
d'autre
14%
dents
14%
d'Saint
14%
faut
14%
J'lui
14%
jolie
14%
jusqu'aux
14%
képis
14%
labess
14%
l'aux
14%
Marcel
14%
marre
14%
meurtres
14%
michtonneuses
14%
peuple
14%
police
14%
qu'j'suis
14%
rempli
14%
rentre
14%
rit
14%
savoir
14%
seul
14%
t'as
14%
T'entends
14%
test
14%
welcome
14%
4x4
10%
aucun
10%
Aznavour
10%
barre
10%
bébé
10%
Bientôt
10%
bouchons
10%
bravo
10%
calanques
10%
Cartel
10%
Connu
10%
DMs
10%
donc
10%
Erling
10%
Etchebest
10%
François
10%
fusion
10%
gentils
10%
Jacques
10%
j'annonce
10%
j'découpe
10%
j'déteste
10%
j'écoute
10%
J'mets
10%
j'veux
10%
j'vis
10%
j'vois
10%
les ieds-p
10%
L'OM
10%
longues
10%
m'croise
10%
méchants
10%
Mowgli
10%
nez
10%
partout
10%
produis
10%
sans
10%
soucis
10%
soucoupe
10%
survet'
10%
Timbaland
10%
t'inquiete
10%
traitres
10%
vers
10%
vu
10%
batards
5%
Besse
5%
best
5%
bibi
5%
blessé
5%
bubububulle
5%
Outro Capuché
5%
coupe
5%
cracher
5%
croire
5%
gang
5%
guest
5%
Haaland
5%
habibi
5%
j'croise
5%
j'les
5%
j'tire
5%
j'viendrai
5%
l'1.3
5%
L'année
5%
la soupe
5%
l'RS
5%
Lyonnais
5%
m'as
5%
of
5%
ponts
5%
prochaine
5%
sillonné
5%
Solo
5%
the
5%
t'voir
5%
veulent
5%
ans
0%
baba
0%
bobos
0%
bons
0%
conseils
0%
d'maman
0%
j'braque
0%
jungle
0%
Lemon
0%
m'dit
0%
n'oublie
0%
qu'j'oublie
0%
SACEM
0%
Aucun quiz correspondant
Distribution des résultats
% des personnes avec chaque résultat
Percentile par nombre de réponses
Votre historique - résultats
Vous n’avez pas pris ce quiz